[Event "Mittelfrank Regionalliga Nord-Ost 2223"]
[Site "Mittelfranken"]
[Date "2023.03.05"]
[Round "7.5"]
[White "Vasilache, Catalin"]
[Black "Sippl, Martin"]
[Result "1-0"]
[WhiteElo "1914"]
[BlackElo "1862"]
[PlyCount "137"]
[EventDate "2022.10.09"]
[EventType "team-tourn"]
[EventRounds "9"]
[EventCountry "GER"]
[SourceTitle "EXT 2024"]
[Source "ChessBase"]
[SourceDate "2023.10.10"]
[SourceVersion "1"]
[SourceVersionDate "2023.10.10"]
[SourceQuality "1"]
[WhiteTeam "Buechenbach/Roth"]
[BlackTeam "Heng Postbauer"]
[WhiteTeamCountry "GER"]
[BlackTeamCountry "GER"]

1. d4 Nf6 2. g3 d6 3. Bg2 Nbd7 4. c4 e5 5. Nf3 Be7 6. 0-0 c6 7. Nc3 Qc7 8. e4 Nf8 9. h3 Ng6 10. Qc2 Bd7 11. Be3 Qc8 12. Kh2 h5 13. Rh1 Qc7 14. a3 h4 15. g4 d5 16. dxe5 dxc4 17. Kg1 Nxe5 18. Nxe5 Qxe5 19. Rd1 Bc5 20. Qd2 Bxe3 21. Qxe3 g5 22. Rd4 b5 23. Kf1 Be6 24. Ke2 0-0 25. Rhd1 a5 26. R4d2 Kg7 27. Kf1 Kg6 28. Ne2 Kg7 29. Nd4 Qf4 30. Qxf4 gxf4 31. Nxc6 Ra6 32. e5 Nh7 33. Rd6 Ng5 34. Nd4 Rxd6 35. exd6 b4 36. axb4 axb4 37. Nxe6+ Nxe6 38. Bc6 Rd8 39. Ke2 Kf6 40. Rd5 Ng7 41. d7 Ne6 42. Bb5 c3 43. bxc3 bxc3 44. Rd3 Ke5 45. Rxc3 Nd4+ 46. Kd3 Nxb5 47. Rc5+ Ke6 48. Rxb5 Rxd7+ 49. Ke4 Rd2 50. Kxf4 Rxf2+ 51. Kg5 Rf3 52. Kxh4 Kf6 53. g5+ Kg6 54. Rb6+ Kg7 55. Kg4 Ra3 56. Rb4 f5+ 57. Kxf5 Rxh3 58. Rb7+ Kf8 59. Kg6 Rg3 60. Rb8+ Ke7 61. Kh6 Rh3+ 62. Kg7 Rg3 63. g6 Ra3 64. Rb7+ Ke8 65. Kg8 Rg3 66. g7 Rf3 67. Rb2 Re3 68. Ra2 Rg3 69. Kh8 1-0

[Event "Mittelfrank Regionalliga Nord-Ost 2223"]
[Site "Mittelfranken"]
[Date "2023.02.05"]
[Round "6.3"]
[White "Mueller, Christian7777"]
[Black "Vasilache, Catalin"]
[Result "1-0"]
[WhiteElo "2052"]
[BlackElo "1914"]
[PlyCount "95"]
[EventDate "2022.10.09"]
[EventType "team-tourn"]
[EventRounds "9"]
[EventCountry "GER"]
[SourceTitle "EXT 2024"]
[Source "ChessBase"]
[SourceDate "2023.10.10"]
[SourceVersion "1"]
[SourceVersionDate "2023.10.10"]
[SourceQuality "1"]
[WhiteTeam "Windischeschenbach"]
[BlackTeam "Buechenbach/Roth"]
[WhiteTeamCountry "GER"]
[BlackTeamCountry "GER"]

1. e4 c6 2. d4 d5 3. e5 c5 4. c3 Nc6 5. Ne2 Bf5 6. dxc5 e6 7. b4 a5 8. Nd4 axb4 9. cxb4 Bxb1 10. Rxb1 Rxa2 11. Bb5 Qc7 12. Qb3 Ra8 13. 0-0 Nge7 14. Bb2 g6 15. Ra1 Rxa1 16. Rxa1 Bg7 17. Ra8+ Kd7 18. Ra7 Rc8 19. f4 Ke8 20. Qa4 Kf8 21. Nxc6 Nxc6 22. Ra8 Ne7 23. Ba3 Kg8 24. Qa5 Qxa5 25. Rxc8+ Nxc8 26. bxa5 Na7 27. Ba4 Bf8 28. Kf2 Be7 29. Bb4 Kf8 30. Ke3 h6 31. Kd4 g5 32. f5 exf5 33. Kxd5 h5 34. Bd7 f4 35. h3 Kg7 36. Bc3 Kg6 37. c6 bxc6+ 38. Bxc6 Bd8 39. Bd7 Bc7 40. Bd4 Bxa5 41. Bxa7 Bc7 42. Bd4 Kh7 43. Ke4 Bd8 44. Kf5 Be7 45. Bc6 Bd8 46. Bd5 Kg7 47. e6+ f6 48. Bc5 1-0

[Event "Mittelfrank Regionalliga Nord-Ost 2122"]
[Site "Mittelfranken"]
[Date "2022.06.26"]
[Round "3.5"]
[White "Vasilache, Catalin"]
[Black "Walther, Reinhard"]
[Result "1-0"]
[WhiteElo "1900"]
[BlackElo "1893"]
[PlyCount "83"]
[EventDate "2021.10.24"]
[EventType "team-tourn"]
[EventRounds "9"]
[EventCountry "GER"]
[SourceTitle "EXT 2024"]
[Source "ChessBase"]
[SourceDate "2023.10.10"]
[SourceVersion "1"]
[SourceVersionDate "2023.10.10"]
[SourceQuality "1"]
[WhiteTeam "Buechenbach/Roth"]
[BlackTeam "Herzogenaurach II"]
[WhiteTeamCountry "GER"]
[BlackTeamCountry "GER"]

1. d4 d5 2. Nf3 Nf6 3. c4 c6 4. Nc3 dxc4 5. a4 Bf5 6. e3 e6 7. Bxc4 Bb4 8. 0-0 a5 9. Qe2 Ne4 10. Nxe4 Bxe4 11. Nd2 Bg6 12. Nb3 Nd7 13. e4 e5 14. Rd1 Qe7 15. f3 0-0 16. Be3 Rad8 17. d5 Nc5 18. Qf2 Nxb3 19. Bxb3 cxd5 20. Bxd5 Rc8 21. Rdc1 Qd7 22. Bc5 Qc7 23. Be3 Qd7 24. b3 Rxc1+ 25. Rxc1 Rc8 26. Qb2 Rxc1+ 27. Qxc1 h6 28. Qc4 Kh7 29. g4 h5 30. h3 Qe7 31. Kg2 hxg4 32. fxg4 Be1 33. Qf1 Qh4 34. Qf3 Qe7 35. g5 Qc7 36. Kf1 Bb4 37. h4 Qc3 38. h5 Qa1+ 39. Kg2 Qb2+ 40. Kh3 Qc3 41. hxg6+ fxg6 42. Kg2 1-0

[Event "Mittelfrank Regionalliga Nord-Ost 2122"]
[Site "Mittelfranken"]
[Date "2022.05.15"]
[Round "5.5"]
[White "Vasilache, Catalin"]
[Black "Strobel, Norbert"]
[Result "1/2-1/2"]
[WhiteElo "1900"]
[BlackElo "1973"]
[PlyCount "115"]
[EventDate "2021.10.24"]
[EventType "team-tourn"]
[EventRounds "9"]
[EventCountry "GER"]
[SourceTitle "EXT 2024"]
[Source "ChessBase"]
[SourceDate "2023.10.10"]
[SourceVersion "1"]
[SourceVersionDate "2023.10.10"]
[SourceQuality "1"]
[WhiteTeam "Buechenbach/Roth"]
[BlackTeam "Fuerth SG"]
[WhiteTeamCountry "GER"]
[BlackTeamCountry "GER"]

1. d4 Nf6 2. Nf3 d6 3. g3 g6 4. Bg2 Bg7 5. 0-0 0-0 6. b3 c6 7. Bb2 Qc7 8. Nbd2 Nbd7 9. e4 e5 10. dxe5 dxe5 11. Qe2 Re8 12. Rfd1 b6 13. Ne1 a5 14. Nd3 Ba6 15. c4 Bh6 16. Nf1 Rad8 17. Ne3 Nh5 18. Ng4 Bg7 19. Qe3 Nf8 20. Rac1 Bc8 21. Bf3 Bxg4 22. Bxg4 Nf6 23. Bh3 c5 24. f3 N8d7 25. a3 Bf8 26. Bg2 Nh5 27. Bc3 Ng7 28. b4 axb4 29. axb4 Ne6 30. bxc5 bxc5 31. Ra1 Ra8 32. Bh3 Rxa1 33. Rxa1 Nd4 34. Bxd7 Qxd7 35. Bxd4 cxd4 36. Qc1 Qc6 37. Ra7 f5 38. c5 fxe4 39. Qc4+ Qe6 40. Qxe6+ Rxe6 41. fxe4 Rc6 42. Ra5 Rc7 43. Kf2 Be7 44. Nxe5 Bxc5 45. Nd3 Bf8 46. Rd5 Rc2+ 47. Kf3 Rxh2 48. e5 h5 49. e6 Be7 50. Rxd4 Kg7 51. Rf4 Bf6 52. Re4 Be7 53. Nf4 Rd2 54. Ra4 Rd6 55. Ra7 Kf6 56. Nxg6 Rxe6 57. Nf4 Re5 58. Rxe7 1/2-1/2

[Event "Mittelfrank Regionalliga Nord-Ost 2122"]
[Site "Mittelfranken"]
[Date "2022.04.03"]
[Round "7.5"]
[White "Kestler, Dirk"]
[Black "Vasilache, Catalin"]
[Result "1/2-1/2"]
[WhiteElo "1824"]
[BlackElo "1900"]
[PlyCount "96"]
[EventDate "2021.10.24"]
[EventType "team-tourn"]
[EventRounds "9"]
[EventCountry "GER"]
[SourceTitle "EXT 2024"]
[Source "ChessBase"]
[SourceDate "2023.10.10"]
[SourceVersion "1"]
[SourceVersionDate "2023.10.10"]
[SourceQuality "1"]
[WhiteTeam "Heng Postbauer"]
[BlackTeam "Buechenbach/Roth"]
[WhiteTeamCountry "GER"]
[BlackTeamCountry "GER"]

1. d4 Nf6 2. Nf3 e6 3. g3 b6 4. Bg2 Bb7 5. 0-0 c5 6. c3 d6 7. dxc5 bxc5 8. Qb3 Qb6 9. Qxb6 axb6 10. Nbd2 d5 11. Ne5 Nc6 12. Nxc6 Bxc6 13. Nc4 b5 14. Ne5 Bb7 15. c4 bxc4 16. Nxc4 Ba6 17. Ne5 Bxe2 18. Re1 Ba6 19. Bg5 Rc8 20. Bh3 Ne4 21. Bf4 g5 22. f3 gxf4 23. fxe4 d4 24. gxf4 Rg8+ 25. Kf2 Bd6 26. Ng4 Be7 27. f5 Bh4+ 28. Kf3 Bxe1 29. Nf6+ Ke7 30. Nxg8+ Rxg8 31. Rxe1 e5 32. b3 Kf6 33. Bf1 Rg1 34. Kf2 Rxf1+ 35. Rxf1 Bxf1 36. Kxf1 Ke7 37. Ke2 Kd6 38. Kd3 f6 39. a3 Kc6 40. Kc4 Kb6 41. h3 h6 42. h4 h5 43. Kd3 Kc6 44. Kd2 Kb6 45. Kd3 Kb5 46. Kc2 c4 47. b4 Ka4 48. Kb2 Kb5 1/2-1/2

[Event "Mittelfranken-chTB2a 1819"]
[Site "Mittelfranken"]
[Date "2018.11.04"]
[Round "2.2"]
[White "Vasilache, Catalin"]
[Black "Pikal, Alexander"]
[Result "0-1"]
[WhiteElo "1935"]
[BlackElo "1962"]
[PlyCount "62"]
[EventDate "2018.10.14"]
[EventType "team-tourn"]
[EventRounds "9"]
[EventCountry "GER"]
[SourceTitle "EXT 2022"]
[Source "ChessBase"]
[SourceDate "2021.10.06"]
[SourceVersion "1"]
[SourceVersionDate "2021.10.06"]
[SourceQuality "1"]
[WhiteTeam "Buechenbach/Roth II"]
[BlackTeam "Ansbach/Bad Windsheim"]
[WhiteTeamCountry "GER"]
[BlackTeamCountry "GER"]

1. d4 d5 2. Nf3 g6 3. g3 Bg7 4. Bg2 Nf6 5. 0-0 0-0 6. Nbd2 c6 7. h3 h6 8. c4 Re8 9. cxd5 cxd5 10. Ne5 Qb6 11. e3 Nc6 12. f4 Rd8 13. Qe2 e6 14. Kh2 Bd7 15. g4 Nxe5 16. fxe5 Bb5 17. Qf2 Bxf1 18. exf6 Qd6+ 19. Kg1 Bxg2 20. Kxg2 Bh8 21. h4 g5 22. hxg5 hxg5 23. Nf1 e5 24. Ng3 Qxf6 25. Nf5 Bg7 26. Bd2 exd4 27. exd4 Re8 28. Rh1 Qa6 29. Be3 Re4 30. Kf3 Qd3 31. Rh5 Rf4+ 0-1

[Event "Mittelfranken-chTB2a 1718"]
[Site "Mittelfranken"]
[Date "2018.04.22"]
[Round "8.2"]
[White "Vasilache, Catalin"]
[Black "Muenster, Erich"]
[Result "1/2-1/2"]
[WhiteElo "1973"]
[BlackElo "1936"]
[PlyCount "30"]
[EventDate "2017.10.08"]
[EventType "team-tourn"]
[EventRounds "9"]
[EventCountry "GER"]
[SourceTitle "EXT 2022"]
[Source "ChessBase"]
[SourceDate "2021.10.06"]
[SourceVersion "1"]
[SourceVersionDate "2021.10.06"]
[SourceQuality "1"]
[WhiteTeam "Buechenbach/Roth II"]
[BlackTeam "Heilsbronn"]
[WhiteTeamCountry "GER"]
[BlackTeamCountry "GER"]

1. d4 Nf6 2. g3 g6 3. Bg2 Bg7 4. e4 d6 5. Ne2 0-0 6. 0-0 Nbd7 7. c3 e5 8. Nd2 Nh5 9. Nc4 f5 10. exf5 gxf5 11. dxe5 dxe5 12. Qc2 Qe7 13. Ne3 f4 14. Nd5 Qd6 15. Bf3 fxg3 1/2-1/2

[Event "Mittelfranken-chTB2a 1718"]
[Site "Mittelfranken"]
[Date "2018.04.08"]
[Round "7.1"]
[White "Vasilache, Catalin"]
[Black "Schubert, Dieter"]
[Result "1-0"]
[WhiteElo "1973"]
[BlackElo "2138"]
[PlyCount "89"]
[EventDate "2017.10.08"]
[EventType "team-tourn"]
[EventRounds "9"]
[EventCountry "GER"]
[SourceTitle "EXT 2022"]
[Source "ChessBase"]
[SourceDate "2021.10.06"]
[SourceVersion "1"]
[SourceVersionDate "2021.10.06"]
[SourceQuality "1"]
[WhiteTeam "Buechenbach/Roth II"]
[BlackTeam "Fuerth SG"]
[WhiteTeamCountry "GER"]
[BlackTeamCountry "GER"]

1. d4 Nf6 2. g3 e6 3. Bg2 c5 4. Nf3 Nc6 5. 0-0 b5 6. Na3 b4 7. Nc4 d5 8. Nce5 Bb7 9. Bg5 Be7 10. Nxc6 Bxc6 11. Ne5 Bb7 12. c4 bxc3 13. Qa4+ Nd7 14. Bxe7 Kxe7 15. bxc3 Nxe5 16. dxe5 Qd7 17. Qh4+ Kf8 18. Rab1 Bc6 19. Rb2 h6 20. f4 Kg8 21. Qg4 g6 22. Rfb1 Kh7 23. Qf3 Rhc8 24. Qd3 c4 25. Qd4 Qc7 26. Qc5 Be8 27. Qxc7 Rxc7 28. Kf2 g5 29. Ke3 Rac8 30. Rb7 Kg6 31. fxg5 hxg5 32. Kd4 Bc6 33. Rb8 Kg7 34. h4 gxh4 35. gxh4 f5 36. Bf3 Kh6 37. Rxc8 Rxc8 38. Rg1 Ba4 39. h5 Bd7 40. Rg6+ Kh7 41. Rf6 Kg8 42. h6 Rc7 43. Bh5 Bc8 44. Bg6 a5 45. h7+ 1-0

[Event "Mittelfranken-chTB2a 1617"]
[Site "Mittelfranken"]
[Date "2017.01.22"]
[Round "5.1"]
[White "Vasilache, Catalin"]
[Black "Bildt, Thomas"]
[Result "1-0"]
[WhiteElo "1977"]
[BlackElo "1900"]
[PlyCount "111"]
[EventDate "2016.10.23"]
[EventType "team-tourn"]
[EventRounds "9"]
[EventCountry "GER"]
[SourceTitle "EXT 2022"]
[Source "ChessBase"]
[SourceDate "2021.10.06"]
[SourceVersion "1"]
[SourceVersionDate "2021.10.06"]
[SourceQuality "1"]
[WhiteTeam "Buechenbach/Roth II"]
[BlackTeam "Zirndorf II"]
[WhiteTeamCountry "GER"]
[BlackTeamCountry "GER"]

1. d4 d5 2. Nf3 Nf6 3. c4 c6 4. Nc3 dxc4 5. a4 Bf5 6. e3 h6 7. Bxc4 e6 8. 0-0 Qa5 9. Bd2 Bb4 10. Qe2 0-0 11. Ne5 Nbd7 12. Nxd7 Nxd7 13. e4 Bg6 14. Bb3 Rad8 15. Rfd1 Nf6 16. Be1 Qb6 17. e5 Ne8 18. Qe3 Ba5 19. Ne2 Bxe1 20. Rxe1 Nc7 21. a5 Qb5 22. Nf4 Nd5 23. Nxd5 cxd5 24. Rec1 Rc8 25. Rc3 Rc6 26. Rxc6 bxc6 27. Qc3 Rb8 28. Ra3 Qe2 29. h3 Bd3 30. Qc1 Rb4 31. Qc3 Rb5 32. Qc1 Bc4 33. Bc2 Rb4 34. Re3 Qh5 35. Qd2 Rb8 36. b3 Ba6 37. Rg3 Kh8 38. Kh2 Qe2 39. Qe3 Qb5 40. Qf3 Rb7 41. Qg4 g5 42. Qh5 Kg7 43. Bd1 Qf1 44. h4 Qxf2 45. Bf3 Qxd4 46. hxg5 Qf4 47. g6 f6 48. exf6+ Kxf6 49. Bg4 Rxb3 50. Qh4+ Kg7 51. Qe7+ Kxg6 52. Qxe6+ Kg7 53. Qe7+ Kh8 54. Qe8+ Kg7 55. Qe7+ Kh8 56. Bf3 1-0

[Event "Mittelfranken-chTB1 1415"]
[Site "Mittelfranken"]
[Date "2015.03.22"]
[Round "8.4"]
[White "Vasilache, Catalin"]
[Black "Rossbach, Knut"]
[Result "1-0"]
[WhiteElo "1966"]
[BlackElo "1915"]
[PlyCount "51"]
[EventDate "2014.09.29"]
[EventType "team-tourn"]
[EventRounds "9"]
[EventCountry "GER"]
[SourceTitle "EXT 2020"]
[Source "ChessBase"]
[SourceDate "2019.10.17"]
[SourceVersion "1"]
[SourceVersionDate "2019.10.17"]
[SourceQuality "1"]
[WhiteTeam "Buechenbach/Roth"]
[BlackTeam "Nuernberg SK 1911"]
[WhiteTeamCountry "GER"]
[BlackTeamCountry "GER"]

1. d4 d5 2. Nf3 c6 3. c4 e6 4. e3 Nf6 5. Nc3 Nbd7 6. Bd3 dxc4 7. Bxc4 b5 8. Bd3 b4 9. Na4 Bb7 10. 0-0 Qa5 11. Bd2 c5 12. a3 cxd4 13. axb4 Bxb4 14. Bxb4 Qxb4 15. Nxd4 0-0 16. Qe2 Ne5 17. Ba6 Bd5 18. Nc3 Bc4 19. Bxc4 Qxc4 20. Qd2 Rfb8 21. b3 Qb4 22. f4 Nd5 23. Rfc1 Rc8 24. Ra4 Rxc3 25. Rxb4 Rd3 26. Qc2 1-0

[Event "Mittelfranken-chTB1 1314"]
[Site "Mittelfranken"]
[Date "2014.03.09"]
[Round "7.2"]
[White "Luther, Helmut"]
[Black "Vasilache, Catalin"]
[Result "1/2-1/2"]
[WhiteElo "1946"]
[BlackElo "1966"]
[PlyCount "67"]
[EventDate "2013.10.20"]
[EventType "team-tourn"]
[EventRounds "9"]
[EventCountry "GER"]
[SourceTitle "EXT 2020"]
[Source "ChessBase"]
[SourceDate "2019.10.17"]
[SourceVersion "1"]
[SourceVersionDate "2019.10.17"]
[SourceQuality "1"]
[WhiteTeam "Nuernberg Sued SW III"]
[BlackTeam "Buechenbach/Roth"]
[WhiteTeamCountry "GER"]
[BlackTeamCountry "GER"]

1. d4 Nf6 2. c4 e6 3. Nf3 b6 4. g3 Bb7 5. Bg2 Be7 6. 0-0 0-0 7. Nc3 Ne4 8. Qc2 Nxc3 9. Qxc3 f5 10. b4 d6 11. Bb2 Bf6 12. c5 Qe7 13. Rac1 dxc5 14. bxc5 Bd5 15. a4 Qd7 16. Qa3 Nc6 17. Rfd1 Na5 18. Ne5 Qd8 19. Bxd5 Qxd5 20. Qf3 Qa2 21. Qa3 Qxa3 22. Bxa3 Rfd8 23. cxb6 axb6 24. f4 Nb3 25. Rxc7 Nxd4 26. Kf2 Bxe5 27. fxe5 Rxa4 28. Bb2 Rd5 29. Rdc1 Nb5 30. Rb7 h6 31. Rxb6 Ra2 32. Rc2 Kh7 33. Rbc6 Rd1 34. R6c5 1/2-1/2

[Event "Mittelfranken-chTB1 1314"]
[Site "Mittelfranken"]
[Date "2014.01.12"]
[Round "4.4"]
[White "Vasilache, Catalin"]
[Black "Martin Fernandez, Rodrigo"]
[Result "0-1"]
[WhiteElo "1966"]
[BlackElo "2057"]
[PlyCount "124"]
[EventDate "2013.10.20"]
[EventType "team-tourn"]
[EventRounds "9"]
[EventCountry "GER"]
[SourceTitle "EXT 2020"]
[Source "ChessBase"]
[SourceDate "2019.10.17"]
[SourceVersion "1"]
[SourceVersionDate "2019.10.17"]
[SourceQuality "1"]
[WhiteTeam "Buechenbach/Roth"]
[BlackTeam "Erlangen SC II"]
[WhiteTeamCountry "GER"]
[BlackTeamCountry "GER"]

1. d4 c5 2. e3 Nf6 3. Nf3 g6 4. Bd3 Bg7 5. 0-0 cxd4 6. exd4 0-0 7. Re1 Nc6 8. c3 d6 9. h3 Re8 10. Qc2 Bd7 11. Bg5 Rc8 12. a3 h6 13. Bh4 g5 14. Bg3 Nh5 15. Bh7+ Kf8 16. d5 Na5 17. Bh2 Nf6 18. Be4 Nxe4 19. Qxe4 Nb3 20. Ra2 Kg8 21. Nbd2 Nc5 22. Qb1 Na4 23. Nb3 Bb5 24. Nbd4 Bc4 25. Ra1 Bxd5 26. Qc2 Nb6 27. Rad1 Qd7 28. Nf5 Bf8 29. N3d4 e5 30. Ne2 Qc6 31. Ne3 Be4 32. Qb3 a5 33. Ng3 a4 34. Qa2 Bg6 35. Ngf5 d5 36. g4 Rcd8 37. Rd2 f6 38. Red1 Bf7 39. Qb1 Rd7 40. Nc2 Red8 41. Bg3 Nc4 42. Re2 Qb5 43. Kf1 Qxb2 44. Qxb2 Nxb2 45. Rb1 Nc4 46. Rb5 Bg6 47. f3 Nd6 48. Nxd6 Bd3 49. Rxd5 Rxd6 50. Rxd6 Rxd6 51. Ke1 Bxe2 52. Kxe2 Rb6 53. Nb4 Bxb4 54. cxb4 Rc6 55. Kd2 b5 56. Bf2 Rc4 57. Be3 Kf7 58. Kd3 Ke6 59. Bf2 Kd5 60. Be3 h5 61. Bf2 hxg4 62. hxg4 e4+ 0-1

[Event "Mittelfranken-chTB1 1213"]
[Site "Germany"]
[Date "2013.04.21"]
[Round "9.4"]
[White "Vasilache, Catalin"]
[Black "Arlt, Michael"]
[Result "1-0"]
[WhiteElo "1977"]
[BlackElo "1925"]
[PlyCount "59"]
[EventDate "2012.10.07"]
[EventType "team-tourn"]
[EventRounds "9"]
[EventCountry "GER"]
[SourceTitle "EXT 2019"]
[Source "ChessBase"]
[SourceDate "2018.10.10"]
[SourceVersion "1"]
[SourceVersionDate "2018.10.10"]
[SourceQuality "1"]
[WhiteTeam "Buechenbach/Roth"]
[BlackTeam "Schwanstetten"]
[WhiteTeamCountry "GER"]
[BlackTeamCountry "GER"]

1. d4 Nf6 2. Nf3 g6 3. c4 c5 4. d5 Ne4 5. Qd3 Qa5+ 6. Nfd2 f5 7. g3 Na6 8. Bg2 Nb4 9. Qb3 Nd6 10. Nc3 Rb8 11. 0-0 Bg7 12. a3 Na6 13. Nb5 Nxb5 14. cxb5 Nc7 15. a4 d6 16. Nc4 Qb4 17. Qxb4 cxb4 18. Bd2 b6 19. Rac1 Kd8 20. Bxb4 a6 21. Nxb6 Bxb2 22. Rc2 Bd4 23. Nxc8 Rxc8 24. e3 Ba7 25. Ba5 axb5 26. axb5 Bc5 27. b6 Na6 28. b7+ Rc7 29. Rb1 Kd7 30. Bf1 1-0

[Event "Mittelfranken-chTB1 1213"]
[Site "Germany"]
[Date "2012.12.02"]
[Round "4.2"]
[White "Walter, Thomas"]
[Black "Vasilache, Catalin"]
[Result "1-0"]
[WhiteElo "2017"]
[BlackElo "1977"]
[PlyCount "73"]
[EventDate "2012.10.07"]
[EventType "team-tourn"]
[EventRounds "9"]
[EventCountry "GER"]
[SourceTitle "EXT 2019"]
[Source "ChessBase"]
[SourceDate "2018.10.10"]
[SourceVersion "1"]
[SourceVersionDate "2018.10.10"]
[SourceQuality "1"]
[WhiteTeam "Erlangen SC II"]
[BlackTeam "Buechenbach/Roth"]
[WhiteTeamCountry "GER"]
[BlackTeamCountry "GER"]

1. e4 c6 2. d4 d5 3. Nc3 dxe4 4. Nxe4 Nd7 5. Bc4 e6 6. Bg5 Ngf6 7. Nxf6+ Nxf6 8. Nf3 Be7 9. Qe2 Nd5 10. Bxe7 Qxe7 11. 0-0 0-0 12. Bb3 Qf6 13. c4 Ne7 14. Rad1 b6 15. Ne5 Rd8 16. f4 Bb7 17. Ng4 Qh4 18. Bc2 Nf5 19. g3 Qh3 20. Be4 Nxd4 21. Rxd4 Qxf1+ 22. Kxf1 Rxd4 23. Ne5 Rad8 24. Bxh7+ Kf8 25. Qh5 Rd1+ 26. Ke2 R8d2+ 27. Ke3 g6 28. Bxg6 fxg6 29. Qh8+ Ke7 30. Qg7+ Kd6 31. Qd7+ Kc5 32. Qe7+ Rd6 33. a3 a5 34. Qxb7 g5 35. Qe7 gxf4+ 36. gxf4 b5 37. Qa7# 1-0

[Event "Mittelfranken-chTB1 1213"]
[Site "Germany"]
[Date "2012.11.18"]
[Round "3.3"]
[White "Pasedag, Peter"]
[Black "Vasilache, Catalin"]
[Result "1-0"]
[WhiteElo "2083"]
[BlackElo "1977"]
[PlyCount "69"]
[EventDate "2012.10.07"]
[EventType "team-tourn"]
[EventRounds "9"]
[EventCountry "GER"]
[SourceTitle "EXT 2019"]
[Source "ChessBase"]
[SourceDate "2018.10.10"]
[SourceVersion "1"]
[SourceVersionDate "2018.10.10"]
[SourceQuality "1"]
[WhiteTeam "Fuerth SF"]
[BlackTeam "Buechenbach/Roth"]
[WhiteTeamCountry "GER"]
[BlackTeamCountry "GER"]

1. d4 Nf6 2. Nf3 d5 3. e3 c6 4. c4 e6 5. Nbd2 Nbd7 6. Bd3 Bd6 7. 0-0 0-0 8. e4 dxe4 9. Nxe4 Nxe4 10. Bxe4 h6 11. Qc2 Nf6 12. Bd3 c5 13. dxc5 Bxc5 14. Bf4 b6 15. Rad1 Qe7 16. Nd2 Bb7 17. Ne4 Nxe4 18. Bxe4 Rfd8 19. Bxb7 Qxb7 20. Be5 Rac8 21. Qe2 Qc6 22. Qg4 Bf8 23. b3 b5 24. cxb5 Qxb5 25. Bf6 Rxd1 26. Rxd1 Rc2 27. h3 Qc5 28. Bd4 Qa3 29. Bxg7 h5 30. Qg5 Bxg7 31. Rd8+ Kh7 32. Qxh5+ Bh6 33. Qxf7+ Bg7 34. Qh5+ Bh6 35. Rd7+ 1-0

[Event "Mittelfranken-ch HT 60th"]
[Site "Buechenbach/Roth"]
[Date "2011.04.21"]
[Round "5"]
[White "Leis, Stefan"]
[Black "Vasilache, Catalin"]
[Result "1/2-1/2"]
[WhiteElo "1908"]
[BlackElo "1970"]
[PlyCount "59"]
[EventDate "2011.04.19"]
[EventType "swiss"]
[EventRounds "9"]
[EventCountry "GER"]
[SourceTitle "CBM 142 Extra"]
[Source "ChessBase"]
[SourceDate "2011.06.27"]
[SourceVersion "1"]
[SourceVersionDate "2011.06.27"]
[SourceQuality "1"]

1. Nf3 Nf6 2. g3 b6 3. Bg2 Bb7 4. d4 e6 5. 0-0 Be7 6. c4 0-0 7. Nc3 d5 8. Ne5 c5 9. dxc5 bxc5 10. b3 Nbd7 11. Nd3 Rc8 12. Qc2 Qb6 13. Na4 Qc7 14. cxd5 Bxd5 15. Nab2 Qb7 16. f3 Qb5 17. Be3 Nb6 18. Ne5 c4 19. bxc4 Nxc4 20. Nbxc4 Bxc4 21. Nxc4 Rxc4 22. Qb3 Rb4 23. Qd3 Qb8 24. Rfb1 Nd5 25. Rxb4 Bxb4 26. Bd4 Qc7 27. a3 Bc5 28. e4 Qe5 29. Rd1 Nb6 30. Kh1 1/2-1/2

[Event "Mittelfranken-ch HT 60th"]
[Site "Buechenbach/Roth"]
[Date "2011.04.20"]
[Round "3"]
[White "Strobel, Norbert"]
[Black "Vasilache, Catalin"]
[Result "1-0"]
[WhiteElo "1964"]
[BlackElo "1970"]
[PlyCount "141"]
[EventDate "2011.04.19"]
[EventType "swiss"]
[EventRounds "9"]
[EventCountry "GER"]
[SourceTitle "CBM 142 Extra"]
[Source "ChessBase"]
[SourceDate "2011.06.27"]
[SourceVersion "1"]
[SourceVersionDate "2011.06.27"]
[SourceQuality "1"]

1. d4 Nf6 2. Nf3 e6 3. e3 b6 4. Bd3 Bb7 5. 0-0 d5 6. Ne5 Bd6 7. f4 0-0 8. Nd2 c5 9. c3 Ne4 10. Nxe4 dxe4 11. Be2 f6 12. Nc4 Be7 13. a4 Nd7 14. Qc2 Rc8 15. b3 Re8 16. Rd1 Qc7 17. Ba3 Rcd8 18. Bg4 Nf8 19. Rd2 cxd4 20. cxd4 Bxa3 21. Nxa3 Qe7 22. Nc4 Bd5 23. Be2 Rc8 24. Qb2 Rc7 25. g3 Rd8 26. Kf2 Nd7 27. Rc2 Nb8 28. Rac1 Rdc8 29. b4 Nc6 30. Nd2 Nd8 31. b5 Nf7 32. Rxc7 Rxc7 33. Rxc7 Qxc7 34. Qb4 Nd6 35. Nb1 Kf7 36. Nc3 f5 37. Nxd5 exd5 38. Qb3 Ke6 39. g4 g6 40. g5 Qc1 41. Qd1 Qb2 42. Qf1 Kf7 43. h4 Ne8 44. Qe1 Ng7 45. a5 Ne6 46. axb6 axb6 47. Qd1 Qc3 48. Qa4 Qc7 49. Qa2 Qd7 50. Qa8 Qd8 51. Qc6 Ke7 52. Bd1 Qd6 53. Qb7+ Nc7 54. Be2 Kd7 55. Qb8 Ne8 56. Qa8 Nc7 57. Qg8 Qe7 58. h5 gxh5 59. Bxh5 Nxb5 60. Qxd5+ Nd6 61. Be2 Qf7 62. Qa8 Kc7 63. Qa7+ Kc6 64. Qxf7 Nxf7 65. Bc4 Nd8 66. Bg8 b5 67. Ke2 Kd6 68. Bxh7 Ke6 69. Bg8+ Ke7 70. Bd5 Kf8 71. Kd2 1-0

[Event "Mittelfranken-ch HT 59th"]
[Site "Forchheim"]
[Date "2010.04.02"]
[Round "7"]
[White "Erlbeck, Peter"]
[Black "Vasilache, Catalin"]
[Result "1/2-1/2"]
[WhiteElo "2062"]
[BlackElo "1983"]
[PlyCount "89"]
[EventDate "2010.03.30"]
[EventType "swiss"]
[EventRounds "9"]
[EventCountry "GER"]
[SourceTitle "EXT 2011"]
[Source "ChessBase"]
[SourceDate "2010.11.26"]
[SourceVersion "1"]
[SourceVersionDate "2010.11.26"]
[SourceQuality "1"]

1. Nf3 Nf6 2. b3 c5 3. Bb2 Nc6 4. e3 e6 5. Bb5 Be7 6. 0-0 0-0 7. Bxc6 bxc6 8. d3 d5 9. Ne5 Qc7 10. f4 Rd8 11. Nd2 d4 12. e4 Nd7 13. Ndc4 f6 14. Nxd7 Bxd7 15. Qf3 Be8 16. Rae1 Bf7 17. Bc1 Re8 18. e5 f5 19. Bd2 Qd7 20. a4 Qd5 21. Ba5 Rec8 22. Nd6 Bxd6 23. Qxd5 cxd5 24. exd6 Rc6 25. d7 Rd6 26. d8Q+ Rdxd8 27. Bxd8 Rxd8 28. Kf2 a5 29. Ke2 Kf8 30. Kd2 Ke7 31. Rb1 Rb8 32. Rfc1 Kd6 33. h3 Bh5 34. Rg1 Rb7 35. g4 Bg6 36. Rge1 Rf7 37. Rf1 Rb7 38. Rbe1 Re7 39. Re5 h5 40. gxh5 Bxh5 41. Rg1 Be8 42. h4 g6 43. Re2 Rh7 44. Rh2 Bf7 45. Re1 1/2-1/2